Представление документа в формате RUSMARC

ПолеНазваниеЗначение
  Тип записи a
  Библиографический уровень m
001 Контрольный номер UONB/MAIN/0c5c307cab414e0aa8adf3ebf20f451a
005 Дата корректировки 20260419132733.1
010 Индекс ISBN __
d Цена 70 к.
9 Тираж 100000 экз.
100 Данные общей обработки __
a Данные общей обработки 20260419d1987 u y0rusy0189 ca
101 Язык документа 0_
a Язык текста rus
102 Страна публикации __
a Страна публикации RU
105 Кодированные данные (монография) __
a Кодированные данные (монография) a z 001yy
200 Заглавие и сведения об ответственности 1_
a Заглавие Казанский собор
f Первые сведения об ответственности Я. И. Шурыгин
203 Вид содержания и тип средства __
a Вид содержания Текст
b Характеристика содержания визуальный
c Тип средства непосредственный
210 Выходные данные 1_
a Место издания Ленинград
c Издательство Лениздат
d Дата издания 1987
215 Физическое описание __
a Объем 189, [2] с.
c Иллюстрации/тип воспроизводства ил.
d Формат 17 см
320 Библиография __
a Библиография Библиогр. в примеч.: с. 187-188
606 Тематические рубрики 0_
a Основная рубрика Архитектурные памятники
y Географическая подрубрика Ленинград
606 Тематические рубрики 0_
a Основная рубрика ХРАМОВАЯ АРХИТЕКТУРА РУССКАЯ
z Хронологическая подрубрика 19 в.
606 Тематические рубрики 0_
a Основная рубрика Музеи истории религии и атеизма
y Географическая подрубрика Ленинград
610 Ключевые слова 0_
a Ключевые слова храмовая архитектура русская; архитектурные памятники Ленинграда
675 Индекс УДК __
a Индекс УДК 72(С126Л)16
686 Индексы других классификаций __
a Классификационный индекс 85.113(2Р31-4СПб)7
2 Код системы rubbk
700 Автор _1
a Фамилия Шурыгин
b Имя (инициалы) Я. И.
g Полное личное имя Яков Ильич
801 Источник записи _0
a Страна RU
b Организация Ульяновская ОНБ
c Дата составления 20260419
g Правила каталогизации RCR
801 Источник записи _1
a Страна RU
b Организация Ульяновская ОНБ
c Дата составления 20260419
g Правила каталогизации RCR
901 Тип документа __
t Тип документа m
909 Создатель записи __
a Создатель записи Мичурина
b Дата создания записи 20260419